APUSH Period 8: Chapter 28 - Statistics

General Stats
  • This quiz has been taken 36 times
  • The average score is 9 of 30
Answer Stats
Hint Answer % Correct
LBJ's new plan for his presidency, wanted to end all poverty and racial injustice Great Society
87%
Health plan for the elderly funded by payroll taxes Medicare
87%
Health plan for poor paid by tax revenues and administered by each state Medicaid
81%
Republican 1968 candidate, easily wins due to chaos in the Democratic Party Richard M. Nixon
65%
Written by Betty Friedan, suggested that women felt stifled by their domestic sphere roles The Feminine Mystique
58%
Vietcong attacks South Vietnam during Tet holiday, ceasefire, captures all Southerns cities before having to retreat Tet Offensive
48%
Democratic favorite to win after LBJ does not run for re-election due to his popularity, assassinated by Sirhan Sirhan Robert Kennedy
45%
Pumps troops into Vietnam, death roll rises, becomes unpopular and doesn't run for another Presidental term Lyndon B. Johnson
39%
Published "the Feminine Mystique", became a lead speaker for feminist movement Betty Friedan
35%
"Hippies" emerge, youthful movement that was anti-establishment, 1967 "Summer of Love" Counterculture
32%
A lessening of tensions with the USSR and China Détente
32%
South Vietnamese president, unpopular after be violates 1954 Geneva Accords by not holding elections Ngo Dinh Diem
29%
Nixon creates term to group his supporters, places himself on the side of ordinary Americans Silent Majority
29%
Founders of SDS refer to themselves as this because they didn't want to be confused with the Old Left (1930s Communists) New Left
26%
Loses to LBJ, but creates a grassroots conservative revival Barry Goldwater
23%
US troops massacre Vietnamese civilians, journalists captures all of it, war extremely unpopular My Lai
23%
Bombing campaign on North Vietnam Operation Rolling Thunder
23%
Nixon begins to task South Vietnam with more ground fighting, begins withdraws troops Vietnamization
23%
National Security Advisor, believed and convinced Nixon to try and break tension and form productive talks with USSR Henry Kissinger
19%
Gay bar in Greenwich, NY, raided by police in summer of 1969, riots break out Stonewall Inn
16%
College students organization and agitate for social change Students for a Democratic Society
16%
Congress broadens 1964 Civil Rights Act to include education, women's athletics become an actual presence Title IX
16%
US will take all necessary measures to repel any armed attack against US forces Gulf of Tonkin Resolution
13%
Ran as an independent in the 1968 election, while controversial, defines many issues that had to be addressed for next election George C. Wallace
10%
Democrats in chaos due to LBJ not running paired with Robert Kennedy's assassination, Youth International Policy protests outside 1968 Democratic National Convention
6%
Established some of the most far-reaching liberal Supreme Court decisions in U.S. history Warren Court
3%
Tom Hayden, wrote about student disillusionment between consumer culture and Cold War foreign policy Port Huron Statement
0%
A statement that listed the principles surrounding the term above Sharon Statement
0%
1960s, led by younger, college educated women, broke away from other movements after women did not achieve anything in previous movements Women's Liberation
0%
Inspires many conservative students to defend free enterprise + Vietnam War Young Americans for Freedom
0%
No matching quizzes found
Score Distribution
Percent of People with Each Score
Percentile by Number Answered
Your Score History
You have not taken this quiz